000
00241nam a2200097Ia 4500
008
230508s1996 xx 000 0 und d
041
_a
eng
100
_a
WARREN HAMMER
245
_a
BLUE PRINT READING BASICS
260
_b
INDUSTRIAL PRESS
_c
1996
999
_c
740828
_d
740828